[Event "Aeroflot Open B 2017"]
[Site "Moscow RUS"]
[Date "2017.02.27"]
[Round "7.13"]
[White "Kazakovskiy, Valeriy"]
[Black "Tsydypov, Zhamsaran"]
[Result "1-0"]
[WhiteTitle "IM"]
[BlackTitle "IM"]
[WhiteElo "2429"]
[BlackElo "2485"]
[WhiteFideId "13507443"]
[BlackFideId "4108566"]
[EventDate "2017.02.21"]

1. d4 g6 2. e4 Bg7 3. Nc3 d6 4. g3 Nc6 5. Be3 e5 6. dxe5 Nxe5 7. h3 Be6 8. Qd2
Nf6 9. O-O-O O-O 10. Bh6 Re8 11. Bxg7 Kxg7 12. f4 Nc4 13. Qf2 Nb6 14. g4 h6 15.
Nf3 Qe7 16. Qd4 Kh7 17. f5 Bd7 18. Re1 c5 19. Qd2 Bc6 20. g5 Nxe4 21. fxg6+ fxg6
22. Nxe4 Bxe4 23. Bd3 d5 24. gxh6 Qf6 25. Bxe4 dxe4 26. Ng5+ Kh8 27. Rhf1 e3 28.
Qg2 Qd4 29. Rd1 Qh4 1-0

[Event "Aeroflot Open B 2017"]
[Site "Moscow RUS"]
[Date "2017.02.27"]
[Round "7.14"]
[White "Dvalishvili, Pavel S."]
[Black "Diermair, Andreas"]
[Result "0-1"]
[WhiteTitle "IM"]
[BlackTitle "IM"]
[WhiteElo "2420"]
[BlackElo "2465"]
[WhiteFideId "4121996"]
[BlackFideId "1612468"]
[EventDate "2017.02.21"]

1. e4 e5 2. Nf3 Nc6 3. Bb5 a6 4. Ba4 Nf6 5. Qe2 b5 6. Bb3 Be7 7. a4 b4 8. d4 d5
9. dxe5 Nxe4 10. O-O O-O 11. Rd1 Be6 12. Be3 Na5 13. Ba2 c5 14. Nbd2 Qc7 15. Bf4
Rad8 16. Nxe4 dxe4 17. Nd2 c4 18. Nxe4 b3 19. cxb3 cxb3 20. Bb1 Rxd1+ 21. Qxd1
Rd8 22. Nd6 Nb7 23. Qd3 g6 24. Qxa6 Nxd6 25. exd6 Bxd6 26. Bxd6 Rxd6 27. Qf1 Bc4
28. Qe1 Re6 29. Qd2 Qd6 30. Qd1 Qb4 0-1

[Event "Aeroflot Open B 2017"]
[Site "Moscow RUS"]
[Date "2017.02.27"]
[Round "7.15"]
[White "Kotanjian, Tigran"]
[Black "Lavrik, Dmitry"]
[Result "1/2-1/2"]
[WhiteTitle "GM"]
[BlackTitle "IM"]
[WhiteElo "2464"]
[BlackElo "2414"]
[WhiteFideId "13301250"]
[BlackFideId "24113190"]
[EventDate "2017.02.21"]

1. d4 d5 2. c4 c6 3. Nf3 Nf6 4. Nc3 e6 5. e3 Nbd7 6. Qc2 dxc4 7. Bxc4 b5 8. Bd3
a6 9. Ne4 Nxe4 10. Bxe4 Bb7 11. O-O f5 12. Bd3 c5 13. d5 c4 14. dxe6 cxd3 15.
exd7+ Qxd7 16. Qc3 Bxf3 17. gxf3 Rc8 18. Qb3 Rc6 19. Bd2 Be7 20. Kh1 Rg6 21. f4
Qc6+ 22. f3 Qc2 23. Qxc2 dxc2 24. Rac1 Rc6 25. Bc3 O-O 26. Rf2 Rfc8 27. Rg2 g6
28. Kg1 Bc5 29. Re2 Bb6 30. Kf2 Kf7 31. Rd2 Ke6 32. Ke2 a5 33. Kd3 Rd8+ 34. Ke2
Rdc8 35. a3 Rc4 36. Be5 R4c6 37. Rd3 b4 38. axb4 axb4 39. Bd4 Ba5 40. b3 Bd8 41.
Rd2 g5 42. fxg5 Bxg5 43. f4 Bf6 44. Bxf6 Kxf6 45. Rd4 Rc3 46. Rxb4 Re8 47. Kd2
Rexe3 48. Rb6+ Kg7 49. Rxc2 Rxc2+ 50. Kxc2 Rh3 51. Rd6 Rxh2+ 52. Rd2 Rh4 53. Rd4
Rh2+ 54. Kc3 h5 55. b4 Rh1 56. b5 Rb1 57. Rb4 Rxb4 58. Kxb4 h4 59. b6 h3 60. b7
h2 61. b8=Q h1=Q 62. Qe5+ Kg6 63. Qe6+ Kg7 64. Qe7+ Kg8 65. Qg5+ Kh8 66. Qxf5
Kg7 67. Kc5 Qc1+ 68. Kd5 Qd1+ 69. Ke6 Qb3+ 70. Qd5 Qxd5+ 1/2-1/2

[Event "Aeroflot Open B 2017"]
[Site "Moscow RUS"]
[Date "2017.02.27"]
[Round "7.16"]
[White "Ofitserian, Boris"]
[Black "Kjartansson, Gudmundur"]
[Result "1/2-1/2"]
[WhiteTitle "FM"]
[BlackTitle "IM"]
[WhiteElo "2365"]
[BlackElo "2464"]
[WhiteFideId "24199443"]
[BlackFideId "2301318"]
[EventDate "2017.02.21"]

1. d4 d5 2. c4 c6 3. Nf3 Nf6 4. g3 g6 5. Bg2 Bg7 6. O-O O-O 7. cxd5 cxd5 8. Nc3
b6 9. Bf4 Bb7 10. Rc1 Nc6 11. Ne5 Rc8 12. Qd2 Ne4 13. Nxe4 Nxe5 14. dxe5 dxe4
15. Qb4 Qd7 16. Qa3 Bd5 17. Rfd1 Qb7 18. Qe3 e6 19. a3 a5 20. h4 Rfe8 21. b4
Rxc1 22. Rxc1 axb4 23. axb4 Bf8 24. Qd4 Ra8 25. Be3 Ra4 26. Qxb6 Qxb6 27. Bxb6
Rxb4 28. Bd8 Rc4 29. Rxc4 Bxc4 30. Bxe4 Bxe2 31. Kg2 h5 32. Bb6 Bb4 33. Bc6 Kf8
34. f3 Be1 35. Bc5+ Kg7 36. Be7 Kg8 37. Bf6 Kf8 38. Ba4 Kg8 39. Be8 Kf8 40. Bc6
Kg8 41. Be8 Kf8 42. Bc6 Kg8 1/2-1/2

[Event "Aeroflot Open B 2017"]
[Site "Moscow RUS"]
[Date "2017.02.27"]
[Round "7.17"]
[White "Yudin, Sergei"]
[Black "Odeev, Handszar"]
[Result "1/2-1/2"]
[WhiteTitle "GM"]
[BlackTitle "GM"]
[WhiteElo "2523"]
[BlackElo "2397"]
[WhiteFideId "4159659"]
[BlackFideId "14000091"]
[EventDate "2017.02.21"]

1. e4 c5 2. Nf3 d6 3. c3 Nf6 4. h3 g6 5. Bd3 Bg7 6. Bc2 O-O 7. d4 cxd4 8. cxd4
Nc6 9. O-O e5 10. d5 Nb4 11. Bb3 Bd7 12. Nc3 a5 13. Re1 b5 14. Be3 Qb8 15. a3
Na6 16. Nd2 Nc5 17. Bxc5 dxc5 18. a4 c4 19. Ba2 b4 20. Nb5 b3 21. Bb1 Bxb5 22.
axb5 Qxb5 23. Qe2 Rfc8 24. Rc1 Nd7 25. Rxc4 Rxc4 26. Qxc4 Qxc4 27. Nxc4 a4 28.
Kf1 Bf8 29. Nd2 Nb6 30. Bd3 Rc8 31. Ke2 Bb4 32. Nc4 Nxc4 33. Rxa4 Nxb2 34. Rxb4
Rc3 35. Ba6 Rc2+ 36. Kf3 Rc3+ 37. Kg4 h5+ 38. Kg5 Kg7 39. d6 Nd3 40. Bxd3 Rxd3
41. f3 Rd2 42. Kh4 Rxg2 43. d7 Rd2 44. Rxb3 Rxd7 45. Kg3 Rd2 46. h4 Kf6 47. Rb6+
Ke7 48. Ra6 Rd6 49. Ra8 Rd3 50. Ra7+ Ke6 51. Ra6+ Rd6 52. Ra8 f5 53. exf5+ gxf5
54. Rh8 f4+ 55. Kg2 Rd2+ 56. Kh3 Rf2 57. Re8+ Kd6 58. Rd8+ Kc5 59. Rd5+ 1/2-1/2

[Event "Aeroflot Open B 2017"]
[Site "Moscow RUS"]
[Date "2017.02.27"]
[Round "7.18"]
[White "Hayrapetyan, Hovik"]
[Black "Duzhakov, Ilya"]
[Result "1-0"]
[WhiteTitle "GM"]
[BlackTitle "FM"]
[WhiteElo "2514"]
[BlackElo "2424"]
[WhiteFideId "13302639"]
[BlackFideId "4192516"]
[EventDate "2017.02.21"]

1. Nf3 Nf6 2. c4 g6 3. Nc3 d5 4. cxd5 Nxd5 5. Qb3 Nb6 6. d4 Bg7 7. Bg5 h6 8. Bh4
Be6 9. Qc2 Nc6 10. Rd1 O-O 11. e3 Nb4 12. Qb1 Bf5 13. e4 Bg4 14. d5 a5 15. h3
Bd7 16. a3 Na6 17. Nd4 Na4 18. Bg3 Nxc3 19. bxc3 c5 20. dxc6 bxc6 21. Bc4 Nc5
22. O-O Qc8 23. e5 Bf5 24. Qc1 Be4 25. f4 Bd5 26. Be2 Nb3 27. Qe3 a4 28. Bg4 e6
29. Be2 Na5 30. Bh4 Re8 31. g4 Rb8 32. Rf2 Nc4 33. Bxc4 Bxc4 34. Nf3 Bb3 35. Re1
Bd5 36. Bf6 Bf8 37. h4 Bxf3 38. Rxf3 Qd7 39. f5 Qd5 40. Qf4 exf5 41. gxf5 Rb3
42. fxg6 fxg6 43. Qg4 Kh7 44. h5 Bc5+ 45. Kh2 Rb2+ 46. Kh3 Qe6 47. hxg6+ Kg8 48.
Qxe6+ Rxe6 49. Rd1 Re8 50. Rd7 Bf8 51. Rh7 1-0

[Event "Aeroflot Open B 2017"]
[Site "Moscow RUS"]
[Date "2017.02.27"]
[Round "7.19"]
[White "Tunik, Gennady"]
[Black "Gavrilov, Alexei1"]
[Result "0-1"]
[WhiteTitle "GM"]
[BlackTitle "GM"]
[WhiteElo "2395"]
[BlackElo "2495"]
[WhiteFideId "4101219"]
[BlackFideId "4104358"]
[EventDate "2017.02.21"]

1. d4 d5 2. c4 c6 3. Nf3 Nf6 4. Qc2 dxc4 5. Qxc4 Bf5 6. g3 e6 7. Bg2 Nbd7 8. O-O
Be7 9. Rd1 O-O 10. e3 h6 11. Qe2 Qa5 12. Bd2 Qb6 13. Be1 Rfd8 14. Nc3 Ne4 15.
Na4 Qb5 16. Qxb5 cxb5 17. Nc3 Nxc3 18. bxc3 Ba3 19. Nh4 Bh7 20. Bxb7 Rab8 21.
Bc6 Rb6 22. d5 Ne5 23. c4 Nxc4 24. Bc3 e5 25. Nf3 f6 26. Nd2 Nxd2 27. Bxd2 b4
28. e4 Bxe4 29. Be3 Ra6 30. Rd2 Ra5 31. f4 Rd6 32. Ba8 b3 33. axb3 Bc5 34. Re1
Bb4 35. fxe5 fxe5 36. Bf2 Bf3 37. Rd3 Bxe1 38. Bxe1 Ra1 39. Rxf3 Rxe1+ 40. Kf2
Re4 41. Rd3 Rf6+ 42. Kg2 Rd4 43. Re3 e4 44. Bc6 g5 45. Re2 g4 46. h3 e3 47. Rxe3
Rd2+ 48. Kg1 gxh3 49. d6 h2+ 0-1

[Event "Aeroflot Open B 2017"]
[Site "Moscow RUS"]
[Date "2017.02.27"]
[Round "7.20"]
[White "Sargsyan, Shant"]
[Black "Belyakov, Bogdan"]
[Result "1/2-1/2"]
[WhiteTitle "CM"]
[BlackTitle "IM"]
[WhiteElo "2399"]
[BlackElo "2487"]
[WhiteFideId "13306766"]
[BlackFideId "24104795"]
[EventDate "2017.02.21"]

1. d4 Nf6 2. c4 g6 3. Nf3 Bg7 4. g3 O-O 5. Bg2 d6 6. Nc3 c5 7. dxc5 dxc5 8. Qxd8
Rxd8 9. Be3 Nbd7 10. Rd1 Rf8 11. h3 b6 12. g4 h6 13. Nd2 Rb8 14. Bf4 e5 15. Be3
Bb7 16. Bxb7 Rxb7 17. f3 Nb8 18. h4 Nc6 19. g5 hxg5 20. hxg5 Nh5 21. Nde4 Nd4
22. Nd5 f5 23. gxf6 Nxf6 24. Ndxf6+ Bxf6 25. Kf2 Rh7 26. Rxh7 Kxh7 27. Rh1+ Kg8
28. Bd2 Be7 29. Rh3 Rf7 30. e3 Nc6 31. Ke2 Rh7 32. Rxh7 Kxh7 33. Kd3 Kg7 34. Nc3
Kf7 35. Ke4 Ke6 36. Nd5 Bd6 37. a4 Nd8 38. a5 bxa5 39. Bxa5 Nf7 40. Kd3 e4+ 41.
Kxe4 Ng5+ 42. Kd3 Nxf3 43. Ke4 Ng5+ 44. Kd3 Kf5 45. b4 cxb4 46. Nxb4 Nf3 47. e4+
Ke6 48. Nc6 Bc5 49. Bc3 g5 50. e5 Kf5 51. e6 Kxe6 52. Ke4 Nh4 53. Nd8+ Kd7 54.
Nf7 Be7 55. Bd2 Ke6 56. Nxg5+ Bxg5 57. Bxg5 1/2-1/2

[Event "Aeroflot Open B 2017"]
[Site "Moscow RUS"]
[Date "2017.02.27"]
[Round "7.21"]
[White "Ragnarsson, Dagur"]
[Black "Gasanov, Eldar"]
[Result "0-1"]
[WhiteTitle "FM"]
[BlackTitle "GM"]
[WhiteElo "2276"]
[BlackElo "2479"]
[WhiteFideId "2304058"]
[BlackFideId "14104466"]
[EventDate "2017.02.21"]

1. d4 Nf6 2. c4 b6 3. Nc3 Bb7 4. f3 d5 5. cxd5 Nxd5 6. e4 Nxc3 7. bxc3 e5 8.
Bb5+ c6 9. Bc4 exd4 10. cxd4 Bb4+ 11. Kf2 O-O 12. Ne2 Nd7 13. Qb3 Be7 14. a4 a6
15. Bf4 b5 16. axb5 axb5 17. Bd3 b4 18. Ng3 Rxa1 19. Rxa1 Nc5 20. Qc4 Nb3 21.
Ra7 Na5 22. Qa2 Qxd4+ 23. Be3 Qxd3 24. Qxa5 Qc2+ 25. Ne2 Bd8 26. Qxb4 Bc8 27.
Qc5 Qd1 28. Bd4 Qh1 29. Qh5 Qb1 30. Qc5 Qh1 31. Qh5 Qb1 32. Ra1 Qd3 33. Bc5 Re8
34. Ra7 g6 0-1

[Event "Aeroflot Open B 2017"]
[Site "Moscow RUS"]
[Date "2017.02.27"]
[Round "7.22"]
[White "Atabayev, Yusup"]
[Black "Vokhidov, Shamsiddin"]
[Result "1/2-1/2"]
[WhiteTitle "IM"]
[BlackTitle "IM"]
[WhiteElo "2475"]
[BlackElo "2355"]
[WhiteFideId "14001128"]
[BlackFideId "14204223"]
[EventDate "2017.02.21"]

1. e4 c5 2. Nf3 e6 3. d4 cxd4 4. Nxd4 Nc6 5. Nc3 Qc7 6. Be2 Nf6 7. a3 a6 8. O-O
b5 9. Be3 Bb7 10. f4 d6 11. Kh1 Be7 12. Bd3 Na5 13. Qe1 Nc4 14. Bc1 O-O 15. b3
Nb6 16. Bb2 Nbd7 17. Qg3 Qc5 18. Nde2 Rfe8 19. b4 Qc7 20. Nd4 Bf8 21. Rae1 g6
22. e5 Nh5 23. Qf2 Bh6 24. Ncxb5 axb5 25. Nxb5 Qb8 26. Nxd6 Rf8 27. Nxb7 Qxb7
28. Be4 Qc7 29. Bxa8 Rxa8 30. Bc1 Bf8 31. Re4 Nb6 32. Rd1 Ng7 33. Rd3 Rc8 34.
Re2 Nf5 35. g4 Ne7 36. Qf3 Qc4 37. Kg2 Nbd5 38. Rf2 Bh6 39. Kg3 Nc6 40. Rd1 Nc3
41. Re1 Nd4 42. Qg2 Rd8 43. Kh4 Bf8 44. Qf1 Qc6 45. Qh1 Qc4 46. Qg2 Bh6 47. Kh3
Rc8 48. Kh4 Rd8 1/2-1/2

[Event "Aeroflot Open B 2017"]
[Site "Moscow RUS"]
[Date "2017.02.27"]
[Round "7.23"]
[White "Bakunts, Rafael"]
[Black "Mikaelyan, Arman"]
[Result "1/2-1/2"]
[BlackTitle "IM"]
[WhiteElo "2386"]
[BlackElo "2442"]
[WhiteFideId "13304097"]
[BlackFideId "13304852"]
[EventDate "2017.02.21"]

1. e4 e5 2. Nf3 Nc6 3. Bb5 a6 4. Ba4 Nf6 5. O-O Be7 6. Re1 b5 7. Bb3 d6 8. c3
O-O 9. h3 Bb7 10. d4 Nd7 11. Nbd2 Bf6 12. Nf1 Re8 13. Ng3 g6 14. a3 Na5 15. Ba2
exd4 16. cxd4 c5 17. b4 cxb4 18. axb4 Nc4 19. Bxc4 bxc4 20. Bd2 h5 21. Qc2 h4
22. Nf1 Qe7 23. Qxc4 Nb6 24. Qb3 Bxe4 25. b5 axb5 26. Rxa8 Nxa8 27. Qxb5 Nc7 28.
Qa5 Qd7 29. Bg5 Bg7 30. N1d2 Bxf3 31. Rxe8+ Qxe8 32. Nxf3 Ne6 33. Be3 Bf6 34.
Qd5 Qd8 35. Kh2 1/2-1/2

[Event "Aeroflot Open B 2017"]
[Site "Moscow RUS"]
[Date "2017.02.27"]
[Round "7.24"]
[White "Kostenko, Petr"]
[Black "Khalafova, Narmin"]
[Result "1-0"]
[WhiteTitle "GM"]
[BlackTitle "WIM"]
[WhiteElo "2441"]
[BlackElo "2250"]
[WhiteFideId "13700669"]
[BlackFideId "13402625"]
[EventDate "2017.02.21"]

1. e4 c5 2. Nf3 Nc6 3. Bb5 g6 4. Bxc6 bxc6 5. O-O Bg7 6. Re1 Nh6 7. c3 O-O 8. d4
cxd4 9. cxd4 d5 10. e5 f6 11. e6 Qd6 12. Qe2 c5 13. Nc3 Nf5 14. dxc5 Qxc5 15.
Na4 Qa5 16. b3 Ba6 17. Qd2 Qxd2 18. Bxd2 Rac8 19. Rac1 Rxc1 20. Rxc1 Rc8 21.
Rxc8+ Bxc8 22. Nc5 h5 23. h3 Nd6 24. Be3 Nb7 25. Nxb7 Bxb7 26. Bxa7 Bc8 27. Nd4
f5 28. f4 Bxd4+ 29. Bxd4 Bxe6 30. Kf2 Kf7 31. Ke3 Ke8 32. g3 Kd7 33. Bc5 Kc6 34.
Kd4 Bc8 35. a4 Ba6 36. b4 Bc4 37. b5+ Kd7 38. Kc3 h4 39. gxh4 Bf1 40. Bd4 Kd6
41. Kb4 Kc7 42. a5 Kb8 43. a6 Be2 44. Ka5 1-0

[Event "Aeroflot Open B 2017"]
[Site "Moscow RUS"]
[Date "2017.02.27"]
[Round "7.25"]
[White "Kakageldyev, Amanmurad"]
[Black "Demidov, Mikhail"]
[Result "0-1"]
[WhiteTitle "IM"]
[BlackTitle "IM"]
[WhiteElo "2374"]
[BlackElo "2534"]
[WhiteFideId "14000024"]
[BlackFideId "4197143"]
[EventDate "2017.02.21"]

1. d4 e6 2. c4 b6 3. Nc3 Bb7 4. e3 Nf6 5. f3 Bb4 6. Bd3 Bxc3+ 7. bxc3 d6 8. e4
e5 9. Ne2 Nc6 10. O-O O-O 11. Bg5 h6 12. Bh4 g5 13. Bf2 Nh5 14. g3 Bc8 15. Be3
Qe7 16. Qd2 f6 17. Kh1 Na5 18. Ng1 Ba6 19. Qe2 Qf7 20. d5 c6 21. Nh3 Ng7 22. Nf2
Rac8 23. Ng4 Qg6 24. Bg1 cxd5 25. cxd5 Bxd3 26. Qxd3 f5 27. Ne3 f4 28. Nc2 Nh5
29. g4 Nf6 30. Na3 Qf7 31. Rac1 Qd7 32. Qb5 Nc4 33. Qxd7 Nxd7 34. Nb5 a6 35. Na7
Rc7 36. Nc6 Nb8 37. Nb4 a5 38. Nd3 Rfc8 39. a4 Nd7 40. Rfd1 Ne3 41. Bxe3 fxe3
42. Kg2 Rxc3 43. Kf1 Rxc1 44. Rxc1 Rxc1+ 45. Nxc1 Nc5 46. Ke2 Nxa4 47. Na2 b5
48. Kxe3 b4 49. Nc1 Nc5 50. Kd2 a4 51. Na2 b3 52. Nb4 a3 53. Kc3 Kf7 54. Nc6 a2
55. Kb2 Nd3+ 56. Ka1 Ne1 0-1

[Event "Aeroflot Open B 2017"]
[Site "Moscow RUS"]
[Date "2017.02.27"]
[Round "7.26"]
[White "Yeletsky, Ivan"]
[Black "Konovalov, Nikolay"]
[Result "0-1"]
[WhiteTitle "FM"]
[BlackTitle "GM"]
[WhiteElo "2369"]
[BlackElo "2501"]
[WhiteFideId "24180327"]
[BlackFideId "4170962"]
[EventDate "2017.02.21"]

1. e4 c5 2. Nf3 g6 3. Bc4 Bg7 4. c3 Qc7 5. O-O e6 6. d4 Ne7 7. dxc5 Qxc5 8. b3
Nbc6 9. Ba3 Qa5 10. Bd6 b5 11. Be2 Qb6 12. b4 a5 13. Bc5 Qd8 14. Na3 Ba6 15.
Bxb5 Bxc3 16. Bxa6 axb4 17. Nb5 Rxa6 18. Nd6+ Kf8 19. Ng5 Qa5 20. Ndxf7 Qxc5 21.
Qxd7 Qa7 22. Qxe6 Nd4 23. Qh3 Bxa1 24. Nxh8 Ne2+ 25. Kh1 Bxh8 26. Qf3+ Ke8 27.
Qxe2 h6 28. Qb5+ Kf8 29. Rd1 Qb6 30. Nh7+ Kg7 31. Qe8 Kxh7 32. Rd7 Bg7 33. Qxe7
Qf6 34. Qxf6 Rxf6 35. Rd2 Rc6 36. g3 Bc3 37. Rc2 Kg7 38. Kg2 Kf6 39. f4 Ke6 40.
Kf3 Kd6 41. h4 Ra6 42. Kg4 Kc5 43. h5 gxh5+ 44. Kxh5 Kd4 45. e5 Kd3 46. Rh2 Bd2
47. f5 Ra5 48. Rxd2+ Kxd2 49. f6 Rxe5+ 50. Kxh6 Re6 51. Kg5 Re2 52. f7 Rf2 53.
Kg6 Kc3 54. Kg7 Kb2 55. g4 Kxa2 56. g5 b3 57. f8=Q Rxf8 58. Kxf8 b2 59. g6 b1=Q
60. g7 Qf5+ 0-1

[Event "Aeroflot Open B 2017"]
[Site "Moscow RUS"]
[Date "2017.02.27"]
[Round "7.27"]
[White "Deviatkin, Andrei"]
[Black "Charochkina, Daria"]
[Result "1-0"]
[WhiteTitle "GM"]
[BlackTitle "IM"]
[WhiteElo "2485"]
[BlackElo "2383"]
[WhiteFideId "4121260"]
[BlackFideId "4180917"]
[EventDate "2017.02.21"]

1. e4 c6 2. Nc3 d5 3. Nf3 Nf6 4. e5 Ne4 5. d4 e6 6. Nxe4 dxe4 7. Ng5 c5 8. dxc5
Qd5 9. Be3 h6 10. Qxd5 exd5 11. Nh3 g5 12. f4 Bxh3 13. gxh3 gxf4 14. Bxf4 Nc6
15. O-O-O Rd8 16. Be2 Bxc5 17. Rhf1 Nd4 18. Bh5 Ne6 19. Bd2 e3 20. Be1 O-O 21.
Bh4 Ng5 22. Rf5 Kh7 23. Rdf1 Be7 24. Kd1 Kg7 25. Bxf7 Rxf7 26. Rxf7+ Nxf7 27.
Bxe7 Re8 28. Rg1+ Ng5 29. Bxg5 hxg5 30. Rxg5+ Kf7 31. c3 Ke6 32. Ke2 Rh8 33. Rg3
Kxe5 34. Rxe3+ Kf6 35. Kf2 Rh7 36. Rf3+ Ke5 37. Re3+ Kf6 38. a3 Kf5 39. Kg2 Rg7+
40. Rg3 Re7 41. Kf2 Rh7 42. Rf3+ Ke4 43. Kg2 b6 44. Rg3 Kf4 45. Rd3 Re7 46. Rd4+
Ke3 47. h4 Rf7 48. h5 Rf2+ 49. Kg3 Rf3+ 50. Kg4 Rf2 51. h4 Rg2+ 52. Kf5 Rxb2 53.
h6 Rf2+ 54. Kg6 Rg2+ 55. Kh5 1-0

[Event "Aeroflot Open B 2017"]
[Site "Moscow RUS"]
[Date "2017.02.27"]
[Round "7.28"]
[White "Savenkov, Konstantin"]
[Black "Shtembuliak, Evgeny"]
[Result "0-1"]
[WhiteTitle "FM"]
[BlackTitle "IM"]
[WhiteElo "2365"]
[BlackElo "2477"]
[WhiteFideId "4138600"]
[BlackFideId "14113325"]
[EventDate "2017.02.21"]

1. e4 c5 2. Nf3 Nc6 3. Bb5 e6 4. Bxc6 bxc6 5. d3 Ne7 6. Qe2 d6 7. e5 Nf5 8. exd6
Bxd6 9. c3 O-O 10. Nbd2 f6 11. O-O e5 12. Ne4 Rb8 13. Nfd2 Be7 14. Nb3 Qb6 15.
Kh1 g5 16. g3 Kh8 17. f4 exf4 18. gxf4 g4 19. Qf2 c4 20. Qxb6 axb6 21. dxc4 c5
22. Ng3 Nh4 23. Be3 f5 24. Nd2 Bb7+ 25. Kg1 Ng2 26. Kf2 Bd6 27. Nde4 Bxf4 28.
Bxf4 Nxf4 29. Ke3 Ng2+ 30. Kf2 f4 31. Kxg2 fxg3 32. Rxf8+ Rxf8 33. Re1 gxh2 0-1

[Event "Aeroflot Open B 2017"]
[Site "Moscow RUS"]
[Date "2017.02.27"]
[Round "7.29"]
[White "Baghdasaryan, Vahe"]
[Black "Ovod, Evgenija"]
[Result "1-0"]
[WhiteTitle "IM"]
[BlackTitle "IM"]
[WhiteElo "2462"]
[BlackElo "2380"]
[WhiteFideId "13303139"]
[BlackFideId "4131827"]
[EventDate "2017.02.21"]

1. Nf3 d5 2. g3 Nf6 3. Bg2 c6 4. c4 Bg4 5. Ne5 Be6 6. cxd5 Bxd5 7. Nf3 c5 8. Nc3
Bc6 9. O-O e6 10. d3 Be7 11. e4 O-O 12. Qe2 b5 13. Rd1 b4 14. Nb1 Bb5 15. e5 Nd5
16. Nbd2 Nc6 17. Qe4 Nb6 18. Nf1 Rc8 19. Qg4 Kh8 20. Qh5 Bxd3 21. g4 Nd4 22.
Nxd4 Bg6 23. Qh3 cxd4 24. Be3 Bc5 25. Rac1 Na4 26. Rxc5 Nxc5 27. Rxd4 Qa5 28. f4
f6 29. f5 Bf7 30. exf6 gxf6 31. Qh6 Bg8 32. Rc4 Nd7 33. Rxc8 Rxc8 34. fxe6 Bxe6
35. Be4 Bg8 36. Bf5 Qd8 37. Bxd7 Qxd7 38. Qxf6+ Qg7 39. Bd4 Rc7 40. Qd6 1-0

[Event "Aeroflot Open B 2017"]
[Site "Moscow RUS"]
[Date "2017.02.27"]
[Round "7.30"]
[White "Lan, Zilun"]
[Black "Mu, Ke"]
[Result "1/2-1/2"]
[WhiteElo "2350"]
[BlackElo "2431"]
[WhiteFideId "8604193"]
[BlackFideId "8602778"]
[EventDate "2017.02.21"]

1. d4 d5 2. c4 c6 3. Nc3 Nf6 4. cxd5 cxd5 5. Bf4 Nc6 6. Nf3 Bf5 7. e3 e6 8. Bd3
Bxd3 9. Qxd3 Bd6 10. Bxd6 Qxd6 11. O-O O-O 12. Rac1 Rac8 13. a3 a6 14. Rc2 h6
15. h3 Rc7 16. Rfc1 Rfc8 17. Nd2 Ne7 18. Ne2 Rxc2 19. Rxc2 Rxc2 20. Qxc2 Qc6 21.
Qxc6 Nxc6 22. Nc3 Nd7 23. Kf1 Kf8 1/2-1/2

[Event "Aeroflot Open B 2017"]
[Site "Moscow RUS"]
[Date "2017.02.27"]
[Round "7.31"]
[White "Chen, Qi b"]
[Black "Fakhrutdinov, Timur"]
[Result "1/2-1/2"]
[BlackTitle "FM"]
[WhiteElo "2328"]
[BlackElo "2430"]
[WhiteFideId "8614733"]
[BlackFideId "24176702"]
[EventDate "2017.02.21"]

1. e4 c5 2. Nc3 d6 3. f4 g6 4. Nf3 Bg7 5. Bb5+ Bd7 6. Bc4 e6 7. O-O Ne7 8. d3
Nbc6 9. f5 gxf5 10. Ng5 Ne5 11. Qh5 N7g6 12. exf5 exf5 13. Bd2 Nxc4 14. dxc4 Be6
15. Rae1 Qd7 16. Nxe6 fxe6 17. Qxf5 O-O-O 18. Qh3 Ne5 19. b3 h5 20. Bf4 Ng6 21.
Ne4 Nxf4 22. Rxf4 Bd4+ 23. Kh1 d5 24. Ng5 e5 25. Rf7 Qxh3 26. gxh3 e4 27. cxd5
e3 28. c3 Rxd5 29. h4 Bxc3 30. Rxe3 Be5 31. Re2 Rhd8 32. Ne6 Rg8 33. Ng5 Rgd8
34. Rf5 Bc7 35. Rff2 Rd4 36. Ne6 Rd1+ 37. Kg2 Rg8+ 38. Kf3 Rd5 39. Nxc7 Kxc7 40.
Re7+ Kc6 41. Ke3 Rgd8 42. Rff7 R8d7 43. Rxd7 Rxd7 44. Rf5 Rd5 45. Rf6+ Kb5 46.
Rf7 Ka6 47. Rh7 b5 48. Rg7 Rd4 49. Rg5 Rxh4 50. Rxc5 Rh3+ 51. Kd4 Ka5 52. Rc2
Kb4 53. Rf2 a5 54. Rc2 Rf3 55. Ke4 Rf1 56. Rd2 h4 57. Rd4+ Kc3 58. Rd3+ Kb2 59.
Rd2+ Kc3 60. Rd3+ Kb4 61. Rd4+ Kc5 62. Rd5+ Kc6 63. Rh5 Ra1 64. Rxh4 Rxa2 65.
Kd3 Kc5 66. Kc3 b4+ 67. Kd3 Ra1 68. Rh5+ Kc6 69. Rh6+ Kd5 70. Rh5+ Kc6 1/2-1/2

[Event "Aeroflot Open B 2017"]
[Site "Moscow RUS"]
[Date "2017.02.27"]
[Round "7.32"]
[White "Lesovoi, Evgenij"]
[Black "Murtazin, Bulat"]
[Result "1/2-1/2"]
[BlackTitle "FM"]
[WhiteElo "2323"]
[BlackElo "2425"]
[WhiteFideId "24164135"]
[BlackFideId "24151351"]
[EventDate "2017.02.21"]

1. e4 c5 2. Nf3 Nc6 3. d4 cxd4 4. Nxd4 e5 5. Nb5 d6 6. N1c3 a6 7. Na3 Be7 8. Be3
Nf6 9. Nd5 O-O 10. Nc4 Nxd5 11. exd5 Nd4 12. Bxd4 exd4 13. Be2 b5 14. Nd2 Bb7
15. Bf3 Rc8 16. Nb3 Bf6 17. O-O Qc7 18. Be4 Rfe8 19. Qd3 g6 20. Rfd1 Re5 21.
Nxd4 Bxd5 22. Qf3 Bxe4 23. Qxf6 Bxc2 24. Rdc1 Rc5 25. b4 Rc4 26. Re1 Be4 27. f3
Bd5 28. Nf5 gxf5 29. Qg5+ 1/2-1/2

[Event "Aeroflot Open B 2017"]
[Site "Moscow RUS"]
[Date "2017.02.27"]
[Round "7.33"]
[White "Atabayev, Saparmyrat"]
[Black "Alikulov, Elbek"]
[Result "1-0"]
[WhiteTitle "FM"]
[BlackTitle "IM"]
[WhiteElo "2422"]
[BlackElo "2371"]
[WhiteFideId "14000571"]
[BlackFideId "14203308"]
[EventDate "2017.02.21"]

1. Nf3 d6 2. d4 Nf6 3. Nc3 Bf5 4. Nh4 Bd7 5. e4 c5 6. dxc5 dxc5 7. e5 Ng4 8. Nf3
Nc6 9. Bf4 Qb6 10. Nd5 Qa5+ 11. Bd2 Qd8 12. Bc3 e6 13. Nf4 Qc7 14. Qe2 Be7 15.
h3 Nh6 16. O-O-O O-O-O 17. a3 Kb8 18. g4 Rc8 19. Bg2 Rhd8 20. Kb1 a6 21. Nh5 Bf8
22. Bd2 Nd4 23. Nxd4 cxd4 24. Bg5 Bb5 25. Bxd8 Rxd8 26. Qf3 Ba4 27. Rd2 Rd5 28.
Rc1 Qa5 29. Rxd4 Rb5 30. Rcd1 Bc5 31. Rd8+ Ka7 32. R1d7 Qb6 33. b3 Rxb3+ 34.
cxb3 Bc6 35. Rxb7+ Qxb7 36. Qc3 Be4+ 37. Bxe4 Qxe4+ 38. Ka2 Kb6 39. Rd2 a5 40.
Ng3 Qc6 1-0